Anti-aging drugs : From basic research to clinical practice

This book provides an overview of current research aimed to search for life-extending medications and describes pharmacological aspects of anti-aging medicine. Readers are introduced to the fascinating historical background of geroprotection in the first chapter. In-depth information on models for i...

全面介紹

Đã lưu trong:
書目詳細資料
格式: 圖書
語言:Undetermined
出版: London Royal Society of Chemistry 2017
主題:
標簽: 添加標簽
沒有標簽, 成為第一個標記此記錄!
Thư viện lưu trữ: Trung tâm Học liệu Trường Đại học Cần Thơ
LEADER 01858nam a2200205Ia 4500
001 CTU_237028
008 210402s9999 xx 000 0 und d
082 |a 615.19 
082 |b A629 
245 0 |a Anti-aging drugs : 
245 0 |b From basic research to clinical practice 
245 0 |c Edited by Alexander M. Vaiserman, Institute of Gerontology, Kiev, Ukraine. 
260 |a London 
260 |b Royal Society of Chemistry 
260 |c 2017 
520 |a This book provides an overview of current research aimed to search for life-extending medications and describes pharmacological aspects of anti-aging medicine. Readers are introduced to the fascinating historical background of geroprotection in the first chapter. In-depth information on models for investigating geroprotective drugs precedes a section covering anti-aging properties of pharmaceutical compounds, such as calorie restriction mimetics, autophagy inducers, senolytics and mitochondrial antioxidants. Finally, strategies to translate discoveries from aging research into drugs and healthcare policy perspectives on anti-ageing medicine are provided to give a complete picture of the field. A timely and carefully edited collection of chapters by leading researchers in the field, this book will be a fascinating and useful resource for pharmacologists, gerontologists and any scientifically interested person wishing to know more about the current status of research into anti-aging remedies, challenges and opportunities. 
650 |a Drug development,Bào chế thuốc,Drug Evaluation, Preclinical,Drug Design,Chemistry, Pharmaceutical,Đánh giá dược phẩm, Tiền lâm sàn,Hóa học, Dược phẩm 
650 |x Methods,Methods,Phương pháp,Phương pháp 
910 |a Tuyến 
980 |a Trung tâm Học liệu Trường Đại học Cần Thơ